000
00288 a2200121 4500
001
147001
040
_c
Escola São Tomás de Aquino
100
_a
HERRERO, Carlos Edgard
240
1
0
_a
O pequeno monstro
_l
por
245
1
0
_a
O pequeno monstro
697
_a
*LITERATURA INFANTO
942
_c
BK
999
_c
147001
_d
147001